书目信息 |
| 题名: |
未来时速
|
|
| 作者: | 盖茨 , Gates 著 ;蒋显璟 , 姜明 译 | |
| 分册: | ||
| 出版信息: | 北京 北京大学出版社 1999 |
|
| 页数: | 431页 | |
| 开本: | 20cm | |
| 丛书名: | ||
| 单 册: | ||
| 中图分类: | F270.7 , TP389.1 | |
| 科图分类: | ||
| 主题词: | 人工神经网络计算机--应用--企业管理 , 人工神经网络计算机 , 企业管理 | |
| 电子资源: | ||
| ISBN: | 7-301-04003-2 | |
| 000 | 01034nam0 2200313 450 | |
| 001 | 1141159069 | |
| 005 | 20111004112709.71 | |
| 010 | @a7-301-04003-2@dCNY26 | |
| 100 | @a19990426d1999 em y0chiy50 ea | |
| 101 | 1 | @achi@ceng |
| 102 | @aCN@b110000 | |
| 105 | @ay z 000yy | |
| 200 | 1 | @a未来时速@Awei lai shi su@e数字神经系统与商务新思维@f(美)比尔·盖茨(Bill Gates)著@g蒋显璟,姜明译 |
| 210 | @a北京@c北京大学出版社@d1999 | |
| 215 | @a431页@d20cm | |
| 300 | @a著作权人及时代华纳出版公司授权出版 | |
| 510 | 1 | @aThe speed of thought@eUsing a digital nervous system@zeng |
| 517 | 1 | @a数字神经系统与商务新思维@Ashu zi shen jing xi tong yu shang wu xin si wei |
| 606 | 0 | @a人工神经网络计算机@x应用@x企业管理 |
| 606 | 0 | @a人工神经网络计算机 |
| 606 | 0 | @a企业管理 |
| 690 | @aF270.7@v3 | |
| 690 | @aTP389.1@v3 | |
| 701 | 1 | @a盖茨@Agai ci@bB.@4著 |
| 701 | 1 | @aGates@bBill@4著 |
| 702 | 0 | @a蒋显璟@Ajiang xian jing@4译 |
| 702 | 0 | @a姜明@Ajiang ming@4译 |
| 801 | 0 | @aCN@bNLC@c20101222 |
| 905 | @a10447@dF270.7@eJY18 | |
| 未来时速:数字神经系统与商务新思维/(美)比尔·盖茨(Bill Gates)著/蒋显璟,姜明译.-北京:北京大学出版社,1999 |
| 431页;20cm |
| 著作权人及时代华纳出版公司授权出版 |
| ISBN 7-301-04003-2:CNY26 |
| ● |
| 相关链接 |
|
|
|
|
正题名:未来时速
索取号:F270.7/JY18
 
预约/预借
| 序号 | 登录号 | 条形码 | 馆藏地/架位号 | 状态 | 备注 |
| 1 | 7813472 | 278134724 | 学院路分馆/ [索取号:F270.7/JY18] | 在馆 | |
| 2 | 7813473 | 278134733 | 学院路分馆/ [索取号:F270.7/JY18] | 在馆 | |
| 3 | 7813474 | 278134742 | 学院路分馆/ [索取号:F270.7/JY18] | 在馆 | |
| 4 | 7813475 | 278134751 | 学院路分馆/ [索取号:F270.7/JY18] | 在馆 |